[Event "Auckland Anniversary Weekender 2017"]
[Site "Auckland NZL"]
[Date "2017.01.27"]
[Round "1"]
[White "Hague, Ben"]
[Black "Peak, Stephen"]
[Result "1-0"]
[WhiteElo "2463"]
[BlackElo "1622"]
[PlyCount "43"]
[EventDate "2017.01.27"]

1. e4 e5 2. Nf3 Nc6 3. Bc4 Bc5 4. c3 d6 5. d4 exd4 6. cxd4 Bb6 7. O-O Nf6 8.
Nc3 O-O 9. Bg5 h6 10. Bh4 g5 11. Bg3 Nh5 12. Nd5 Nxg3 13. fxg3 g4 14. Nxb6 axb6
15. Nh4 Ra5 16. Ng6 Be6 17. Bxe6 fxe6 18. Rxf8+ Qxf8 19. Nxf8 Kxf8 20. Qxg4
Nxd4 21. Rf1+ Ke8 22. Qg7 1-0

[Event "Auckland Anniversary Weekender 2017"]
[Site "Auckland NZL"]
[Date "2017.01.27"]
[Round "1"]
[White "McDougall, Euan"]
[Black "Garbett, Paul A"]
[Result "0-1"]
[WhiteElo "1586"]
[BlackElo "2331"]
[PlyCount "122"]
[EventDate "2017.01.27"]

1. e4 c5 2. Nf3 e6 3. Nc3 Nc6 4. Bb5 Nge7 5. d4 cxd4 6. Nxd4 Nxd4 7. Qxd4 a6 8.
Ba4 b5 9. Bb3 Nc6 10. Qd3 Bb7 11. Be3 Be7 12. O-O-O Qc7 13. f3 d6 14. Ne2 O-O
15. h4 a5 16. c3 Ba6 17. Nd4 a4 18. Bc2 Ne5 19. Qd2 Nc4 20. Qe1 a3 21. b3 Nb2
22. Bd3 Nxd1 23. Kxd1 Rfc8 24. Kc2 Rab8 25. h5 Qd7 26. Ne2 Bf6 27. Bd4 Bxd4 28.
Nxd4 Qa7 29. Ne2 Rc6 30. Qg1 Qxg1 31. Rxg1 e5 32. Kd2 Rbc8 33. Rc1 Kf8 34. Ng3
g6 35. hxg6 hxg6 36. Nf1 b4 37. c4 Rb8 38. Ne3 Bc8 39. Bf1 Be6 40. Ke2 f5 41.
exf5 gxf5 42. Rd1 Ke7 43. Nc2 d5 44. Ne3 dxc4 45. Nxc4 Bxc4+ 46. bxc4 Rxc4 47.
Kd3 Rc3+ 48. Ke2 Rc2+ 49. Rd2 Rxa2 50. Rxa2 b3 51. Rxa3 b2 52. Ra7+ Kf8 53. Kf2
b1=Q 54. Rh7 Rb2+ 55. Kg3 Qxf1 56. Rh2 Qe1+ 57. Kh3 Rb7 58. g4 Rh7+ 59. Kg2
Qe2+ 60. Kg1 Rxh2 61. f4 Qf2# 0-1

[Event "Auckland Anniversary Weekender 2017"]
[Site "Auckland NZL"]
[Date "2017.01.27"]
[Round "1"]
[White "Steadman, Michael V R"]
[Black "Wang, Aaron Ziwen"]
[Result "1-0"]
[WhiteElo "2328"]
[BlackElo "1562"]
[PlyCount "59"]
[EventDate "2017.01.27"]

1. d4 Nf6 2. c4 g6 3. Nc3 Bg7 4. e4 d6 5. Be2 O-O 6. Be3 e5 7. d5 a5 8. g4 Na6
9. h4 Nc5 10. Bf3 Ne8 11. h5 Qf6 12. Qd2 Qe7 13. O-O-O Nf6 14. Qe2 a4 15. Nh3
a3 16. b3 h6 17. hxg6 fxg6 18. g5 Nh7 19. gxh6 Bh8 20. Rdg1 Rf6 21. Rg3 Bxh3
22. Rhxh3 Raf8 23. Bh5 g5 24. Bxg5 Nxg5 25. Rxg5+ Kh7 26. Qg4 Rxf2 27. Bg6+ Kg8
28. h7+ Kg7 29. Be8+ Kf6 30. Rh6# 1-0

[Event "Auckland Anniversary Weekender 2017"]
[Site "Auckland NZL"]
[Date "2017.01.27"]
[Round "1"]
[White "Qin, Nicole Shu Yu"]
[Black "Gong, Daniel Hanwen"]
[Result "0-1"]
[WhiteElo "1557"]
[BlackElo "2255"]
[PlyCount "108"]
[EventDate "2017.01.27"]

1. d4 Nf6 2. c4 g6 3. Nc3 Bg7 4. e4 d6 5. f3 O-O 6. Be3 Nc6 7. Qd2 e5 8. d5 Nd4
9. Nge2 Nxe2 10. Bxe2 Ne8 11. O-O f5 12. f4 exf4 13. Bxf4 Nf6 14. Bg5 fxe4 15.
Bxf6 Rxf6 16. Nxe4 Rf5 17. Ng3 Re5 18. Bd3 Bd7 19. Rae1 Qh4 20. Re4 Rxe4 21.
Nxe4 Re8 22. Qa5 Rxe4 23. Bxe4 Qxe4 24. Qxc7 Bd4+ 25. Kh1 Qe2 26. Rc1 Qe7 27.
Qxb7 Kf7 28. Qb3 Bf5 29. h3 h5 30. Rd1 Bb6 31. Qf3 Kg7 32. Qc3+ Kh7 33. Re1 Qd8
34. Rf1 Qd7 35. b4 Qg7 36. Qg3 Qf6 37. Qf3 Qe5 38. a4 Kg7 39. a5 Bd4 40. b5 Bc5
41. Qd1 Qe4 42. Qb3 Qd4 43. Qg3 Qxc4 44. Qf3 Qxb5 45. Qc3+ Kh7 46. Re1 Qb7 47.
Qf6 Kh6 48. h4 Qb8 49. Qg5+ Kg7 50. Re7+ Kg8 51. Qh6 Qb1+ 52. Kh2 Bg1+ 53. Kg3
Qd3+ 54. Kf4 Qd2+ 0-1

[Event "Auckland Anniversary Weekender 2017"]
[Site "Auckland NZL"]
[Date "2017.01.27"]
[Round "1"]
[White "Fan, Allen Chi Zhou"]
[Black "Li, Rodney Xiang Rei"]
[Result "1-0"]
[WhiteElo "2153"]
[BlackElo "1556"]
[PlyCount "63"]
[EventDate "2017.01.27"]

1. Nf3 Nf6 2. c4 e6 3. g3 c6 4. Bg2 d5 5. b3 Bc5 6. Bb2 dxc4 7. bxc4 Qb6 8.
Bxf6 Bxf2+ 9. Kf1 gxf6 10. e3 Bxe3 11. dxe3 Qxe3 12. Qd2 Qxd2 13. Nbxd2 Nd7 14.
Ne4 f5 15. Nd6+ Ke7 16. Rd1 Rb8 17. Kf2 b5 18. cxb5 cxb5 19. Rhe1 Nf8 20. Ne5
Kf6 21. Ne8+ Kg5 22. h4+ Kh6 23. Nxf7+ Kg6 24. Nxh8+ Kh6 25. Nf7+ Kg6 26. Ne5+
Kh6 27. g4 fxg4 28. Nxg4+ Kh5 29. Kg3 Nd7 30. Rxe6 Nf6 31. Rd5+ Kg6 32. Rxf6#
1-0

[Event "Auckland Anniversary Weekender 2017"]
[Site "Auckland NZL"]
[Date "2017.01.27"]
[Round "1"]
[White "Steadman, Mathew"]
[Black "Gibbons, Robert E"]
[Result "0-1"]
[WhiteElo "1418"]
[BlackElo "2057"]
[PlyCount "76"]
[EventDate "2017.01.27"]

1. b4 e5 2. Bb2 Nf6 3. a3 d6 4. c4 Be6 5. Qb3 Be7 6. e3 Nbd7 7. d4 exd4 8. exd4
d5 9. c5 O-O 10. Nf3 Ne4 11. Nc3 Bf6 12. Nxd5 Kh8 13. Bc4 Re8 14. O-O b5 15.
Bxb5 Ndxc5 16. Qe3 Qxd5 17. Bxe8 Rxe8 18. dxc5 Bxb2 19. Rad1 Qc4 20. Nd2 Nxd2
21. Qxd2 Bf6 22. Qe3 h6 23. Rc1 Qb3 24. Qxb3 Bxb3 25. Rfe1 Rxe1+ 26. Rxe1 Ba4
27. Re2 Kg8 28. g3 Bc6 29. f3 Bxf3 30. Re8+ Kh7 31. Kf2 Bc6 32. Rc8 Be5 33. Rb8
a6 34. Ke3 h5 35. a4 Bxa4 36. Ke4 f6 37. Kd3 Kg6 38. Kc4 Bb5+ 0-1

[Event "Auckland Anniversary Weekender 2017"]
[Site "Auckland NZL"]
[Date "2017.01.27"]
[Round "1"]
[White "Bennett, Hilton P"]
[Black "Li, Leo Xiang Yu"]
[Result "1-0"]
[WhiteElo "2055"]
[BlackElo "1337"]
[PlyCount "31"]
[EventDate "2017.01.27"]

1. e4 e5 2. d4 exd4 3. Qxd4 Nc6 4. Qe3 Nf6 5. Nc3 Nb4 6. Qe2 Qe7 7. a3 Nc6 8.
Nf3 d6 9. Bg5 Bg4 10. O-O-O h6 11. Nd5 Nd4 12. Qd3 Qd8 13. Bxf6 gxf6 14. Qxd4
Be6 15. Nxf6+ Ke7 16. Nd5+ 1-0

[Event "Auckland Anniversary Weekender 2017"]
[Site "Auckland NZL"]
[Date "2017.01.27"]
[Round "1"]
[White "Wang, Ying"]
[Black "Picken, Oliver"]
[Result "0-1"]
[WhiteElo "1304"]
[BlackElo "1900"]
[PlyCount "90"]
[EventDate "2017.01.27"]

1. Nf3 Nf6 2. d4 g6 3. c4 Bg7 4. Nc3 O-O 5. g3 d6 6. Bg2 Nbd7 7. b4 a5 8. b5 e5
9. O-O exd4 10. Nxd4 Nb6 11. Bg5 Nxc4 12. a4 h6 13. Bxf6 Qxf6 14. e3 Qe7 15.
Nd5 Qd8 16. Rc1 Nb6 17. Nxc7 Rb8 18. Nb3 Nxa4 19. b6 Nxb6 20. Nxa5 Na8 21. Nxa8
Qxa5 22. Nc7 Rd8 23. Qc2 Bf5 24. e4 Bd7 25. Nd5 Kh7 26. Rfd1 Rbc8 27. Qb3 Ba4
28. Qa3 Bxd1 29. Qxa5 Rxc1 30. h4 Rdc8 31. Ne3 Be2+ 32. Kh2 b5 33. Qb4 Bf8 34.
Nd5 R1c2 35. Qd4 Bg7 36. Nf6+ Kh8 37. Qxd6 b4 38. e5 b3 39. Be4 Rc1 40. Qb4 Bd1
41. Bd5 h5 42. Bxb3 Bf3 43. g4 hxg4 44. Kg3 Rg1+ 45. Kf4 Bh6# 0-1

[Event "Auckland Anniversary Weekender 2017"]
[Site "Auckland NZL"]
[Date "2017.01.27"]
[Round "1"]
[White "Mukkattu, Philip"]
[Black "Schurr, Richard"]
[Result "1-0"]
[WhiteElo "1880"]
[BlackElo "1265"]
[PlyCount "41"]
[EventDate "2017.01.27"]

1. d4 f5 2. c4 e6 3. g3 Nf6 4. Bg2 Be7 5. Nc3 O-O 6. Nf3 d5 7. cxd5 exd5 8. O-O
Nbd7 9. Qc2 Ne4 10. Nxd5 Ndf6 11. Nxc7 Rb8 12. Bf4 Bd6 13. Qc4+ Rf7 14. Nd5
Bxf4 15. Nxf4 Qc7 16. Rfc1 Qxc4 17. Rxc4 g5 18. Nd3 Be6 19. Rc2 Nd5 20. e3 f4
21. Nfe5 1-0

[Event "Auckland Anniversary Weekender 2017"]
[Site "Auckland NZL"]
[Date "2017.01.27"]
[Round "1"]
[White "Qin, Oscar Shu Xuan"]
[Black "Zhang, Jasmine Haomo"]
[Result "0-1"]
[WhiteElo "1254"]
[BlackElo "1837"]
[PlyCount "90"]
[EventDate "2017.01.27"]

1. e4 c5 2. Nf3 d6 3. d4 cxd4 4. Nxd4 Nf6 5. Nc3 a6 6. Be3 e6 7. f3 Be7 8. Qd2
Nbd7 9. g4 Ne5 10. h4 Nfd7 11. g5 Qc7 12. f4 Nc6 13. Nxc6 bxc6 14. Bd3 Bb7 15.
Ke2 c5 16. b3 d5 17. exd5 exd5 18. Bf2 Bd6 19. Bg3 O-O-O 20. Rae1 Nb6 21. Rhf1
g6 22. Kd1 c4 23. Be2 cxb3 24. Bg4+ Kb8 25. axb3 Bb4 26. Rf3 d4 27. f5 Bxf3+
28. Bxf3 Qxg3 29. Qe2 dxc3+ 30. Kc1 Qf4+ 31. Kb1 Ka7 32. fxg6 hxg6 33. Qe4 Qxe4
34. Rxe4 Bc5 35. Re5 Bd6 36. Re3 Rxh4 37. Rxc3 Be5 38. Rd3 Rxd3 39. cxd3 Rh3
40. Be4 Nd7 41. b4 Rh2 42. Bc6 Nb6 43. Be8 Nd5 44. Kc1 Nc3 45. Bb5 Bf4# 0-1

[Event "Auckland Anniversary Weekender 2017"]
[Site "Auckland NZL"]
[Date "2017.01.27"]
[Round "1"]
[White "Shinil, Anan"]
[Black "Burrows, Grant L"]
[Result "0-1"]
[WhiteElo "1156"]
[BlackElo "1757"]
[PlyCount "124"]
[EventDate "2017.01.27"]

1. e4 e6 2. c4 d5 3. cxd5 exd5 4. exd5 Nf6 5. Nc3 Nxd5 6. Nxd5 Qxd5 7. d4 Nc6
8. Nf3 Bg4 9. Be3 Bxf3 10. Qxf3 Bb4+ 11. Kd1 Qxf3+ 12. gxf3 O-O-O 13. a3 Be7
14. Bh3+ Kb8 15. Kc2 Bf6 16. Rad1 Nxd4+ 17. Bxd4 Bxd4 18. Rhf1 Bf6 19. Rde1
Rhe8 20. Rb1 Re2+ 21. Kb3 c6 22. Bf5 g6 23. Bc2 Kc7 24. Rbe1 Rdd2 25. Rxe2 Rxe2
26. h3 Bd4 27. a4 Rxf2 28. Rxf2 Bxf2 29. Ka2 Be1 30. Bb3 f6 31. Bg8 h6 32. Bf7
g5 33. Kb1 Kd6 34. Kc2 Ke5 35. Bh5 Kf4 36. Kd3 f5 37. Ke2 Bb4 38. Bg6 g4 39.
fxg4 fxg4 40. hxg4 Kxg4 41. Be8 h5 42. Bxh5+ Kxh5 43. b3 Kg4 44. Kd3 Kf5 45.
Kc4 a5 46. Kd3 Ke5 47. Kc4 Ba3 48. Kc3 Kd5 49. Kd3 b5 50. axb5 cxb5 51. Kc2 Kd4
52. Kb1 Kc3 53. Ka2 b4 54. Kb1 Kxb3 55. Ka1 Kc3 56. Kb1 b3 57. Ka1 Bb4 58. Kb1
a4 59. Ka1 a3 60. Kb1 Kd2 61. Ka1 Bc3+ 62. Kb1 a2# 0-1